[Event "27th Avoine Open"]
[Site "Avoine FRA"]
[Date "2012.07.22"]
[Round "2.3"]
[White "Marie,M"]
[Black "Haub,TM"]
[Result "0-1"]
[WhiteElo "2192"]
[BlackElo "2466"]

1.e4 g6 2.d4 Bg7 3.Nc3 d6 4.h4 h6 5.Bc4 a6 6.a4 e6 7.Be3 Ne7 8.g4 d5 9.Bb3 dxe4
10.Nxe4 Bd7 11.Qf3 Bc6 12.Nf6+ Kf8 13.Ne4 Nd7 14.O-O-O Nf6 15.d5 Nexd5 16.Ne2 Nxe4
17.Qxe4 Qe7 18.Nd4 Nf6 19.Nxc6 Nxe4 20.Nxe7 Kxe7 21.f3 Nd6 22.c4 b6 23.c5 bxc5
24.Bxc5 Be5 25.Kc2 Kd7 26.Be3 h5 27.f4 Bf6 28.f5 hxg4 29.fxe6+ fxe6 30.Rhf1 Raf8
31.Bc4 Rxh4 32.Bxa6 Rh2+ 33.Rd2 Rxd2+ 34.Bxd2 Nf5 35.Bf4 g5 36.Bd2 Bd4 37.Kd3 g3
38.Bb7 Rb8 39.Be4 Rb3+ 40.Kc4 Rxb2 41.Rd1 c5 42.Bxf5 exf5  0-1

[Event "12th Valle del Chiese Open"]
[Site "Condino ITA"]
[Date "2012.07.22"]
[Round "2"]
[White "Girelli,Sergio"]
[Black "Petragnani,Alessandro"]
[Result "1-0"]
[WhiteElo "1889"]
[BlackElo "1963"]

1.e4 g6 2.d4 d6 3.Nc3 Bg7 4.f4 a6 5.Nf3 b5 6.e5 e6 7.Bd3 Bb7 8.O-O Ne7 9.Be4 d5
10.Bd3 Nd7 11.Be3 Nb6 12.b3 Nf5 13.Bxf5 gxf5 14.Ng5 h6 15.Nf3 Bf8 16.Ne2 Rc8
17.Ng3 c5 18.Nh5 Nd7 19.dxc5 Bxc5 20.Bxc5 Rxc5 21.Nd4 Rg8 22.Rf3 Qh4 23.Rg3 Rg4
24.Rxg4 fxg4 25.Ng3 Ke7 26.Ngf5+  1-0

[Event "23rd Czech Open A"]
[Site "Pardubice CZE"]
[Date "2012.07.23"]
[Round "4.42"]
[White "Tokmachev,M"]
[Black "Vokac,M"]
[Result "0-1"]
[WhiteElo "2332"]
[BlackElo "2479"]

1.d4 g6 2.e4 Bg7 3.Nc3 d6 4.Nf3 a6 5.a4 b6 6.Bc4 e6 7.O-O Ne7 8.Re1 Nd7 9.Ne2 Bb7
10.Nf4 O-O 11.Ng5 d5 12.Nfxe6 fxe6 13.Nxe6 Qc8 14.exd5 Nxd5 15.Nxf8 Qxf8
16.c3 Kh8 17.Qg4 N7f6 18.Qh4 Nh5 19.Bd2 Ndf4 20.Bf1 Qf5 21.Bxf4 Nxf4 22.Re7 Nd5
23.Re2 Bf6 24.Qg3 Nf4 25.Re3 Rf8 26.Rae1 Bc6 27.h3 h5 28.b3 Kg7 29.f3 a5
30.Rd1 Nd5 31.Bd3 h4 32.Bxf5 hxg3 33.Re6 Bb7 34.Bd3 Nxc3 35.Rc1 Bxd4+ 36.Kf1 Rf6
37.Re7+ Rf7 38.Re6 Rf6 39.Re7+ Rf7 40.Re6 g5 41.Rg6+ Kf8 42.Bc4 Rg7 43.Rh6 Re7
44.Rg6 Nd5 45.Bxd5 Bxd5 46.Rxg5 Bxb3 47.Rxg3 Bxa4 48.Rg5 c5 49.g4 Bb5+ 50.Kg2 Re2+
51.Kh1 a4 52.Rg6 a3 53.Rxb6 Rb2 54.Ra1 Be2  0-1

[Event "27th Avoine Open"]
[Site "Avoine FRA"]
[Date "2012.07.24"]
[Round "4.22"]
[White "Monpeurt,C"]
[Black "Frick,C"]
[Result "0-1"]
[WhiteElo "2045"]
[BlackElo "2258"]

1.e4 g6 2.d4 Bg7 3.Nc3 d6 4.Bg5 Nc6 5.Nge2 f6 6.Bh4 e5 7.dxe5 dxe5 8.Qxd8+ Nxd8
9.O-O-O Ne6 10.f3 Bd7 11.Bf2 O-O-O 12.g3 Ne7 13.Nd5 Nxd5 14.Rxd5 Bh6+ 15.Kb1 Ng5
16.Bg2 Be6 17.Rdd1 b6 18.Nc3 Bh3 19.Bxh3+ Nxh3 20.Be1 Rxd1+ 21.Nxd1 Rd8 22.Nc3 c6
23.g4 Bd2 24.Bh4 Bxc3 25.bxc3 g5 26.Bg3 Rd2 27.Kc1 Rg2 28.Rf1 Rg1 29.Rd1 Rxd1+
30.Kxd1 Ng1 31.Kd2 Nxf3+ 32.Ke3 Ng1 33.c4 Nh3 34.a4 Nf4 35.Kd2 Ne6 36.Bf2 Kd7
37.Kc3 Kd6 38.a5 bxa5 39.Bxa7 Nc5 40.Bb6 Nxe4+ 41.Kb3 Nc5+ 42.Ka3 Nb7  0-1

[Event "45th Biel Masters Open"]
[Site "Biel SUI"]
[Date "2012.07.24"]
[Round "2"]
[White "Weidemann,C"]
[Black "Le Roux,JP"]
[Result "0-1"]
[WhiteElo "2299"]
[BlackElo "2559"]

1.e4 g6 2.d4 d6 3.Nc3 Bg7 4.f4 Nf6 5.Nf3 Na6 6.Be2 O-O 7.O-O c5 8.Bxa6 cxd4
9.Nxd4 bxa6 10.Kh1 Bb7 11.Qd3 Rc8 12.Nde2 Nd7 13.Bd2 Nc5 14.Qe3 Qb6 15.Ng3 Qxb2
16.Rfc1 Qb6 17.Rab1 Qc7 18.Nd5 Bxd5 19.exd5 Qd7 20.c4 Na4 21.Qa3 Rb8 22.Rb4 Rxb4
23.Qxb4 Rc8 24.Be3 h5 25.Ne4 Nb2 26.Nf2 Rc7 27.h3 a5 28.Qxa5 Nxc4 29.Qb4 Nb6
30.Rxc7 Qxc7 31.Qb5 Qc3 32.Nd3 Bd4 33.Qe8+ Kg7 34.Bxd4+ Qxd4 35.Qb5 Nxd5
36.Qa6 Nc3 37.a3 Ne2 38.a4 Qg1+  0-1

[Event "23rd Czech Open A"]
[Site "Pardubice CZE"]
[Date "2012.07.24"]
[Round "5.70"]
[White "Berchtenbreiter,M"]
[Black "Jocys,D"]
[Result "1/2-1/2"]
[WhiteElo "2336"]
[BlackElo "2205"]

1.e4 g6 2.d4 Bg7 3.Nc3 d6 4.Be2 Nc6 5.Be3 e5 6.dxe5 Nxe5 7.h4 h5 8.Nh3 Nf6
9.Ng5 O-O 10.f3 c6 11.Qd2 d5 12.exd5 cxd5 13.Rd1 Bf5 14.Bd4 Nc6 15.Bf2 Nb4
16.Rc1 Rc8 17.Bd4 Nc6 18.Bf2 Nb4 19.Bd4 Nc6 20.Bf2  1/2-1/2

[Event "30th Andorra Open"]
[Site "Erts-La Massana AND"]
[Date "2012.07.25"]
[Round "5.13"]
[White "Lillo Castay,V"]
[Black "Norwood,D"]
[Result "0-1"]
[WhiteElo "2273"]
[BlackElo "2494"]

1.e4 g6 2.d4 Bg7 3.Nc3 d6 4.Be3 Nf6 5.Qd2 O-O 6.O-O-O c6 7.f3 b5 8.Kb1 Nbd7
9.Bh6 e5 10.Bxg7 Kxg7 11.g4 Qe7 12.h4 Nb6 13.h5 b4 14.Nce2 c5 15.Ng3 cxd4
16.g5 Ne8 17.f4 exf4 18.Qxf4 Kg8 19.Nf3 a5 20.Bd3 a4 21.e5 a3 22.Qh4 axb2
23.hxg6 fxg6 24.Bxg6 Ra7 25.Bxh7+ Qxh7 26.Qxd4 Qf7 27.e6 Qg7 28.Qxb6 Bxe6
29.Nd4 Bxa2+ 30.Kxb2 Bd5 31.Nh5 Qd7 32.Rhg1 Ra2+ 33.Kb1 Qa4 34.Nf6+ Rxf6
35.gxf6+ Kf8 36.Kc1 Qa3+ 37.Kd2 Qc3+ 38.Ke2 b3 39.Qd8 Ra7 40.cxb3 Ra2+  0-1

[Event "ch-AUT 2012"]
[Site "Zwettl AUT"]
[Date "2012.07.25"]
[Round "5.27"]
[White "Frank,Emanuel"]
[Black "Meier,Al"]
[Result "1-0"]
[WhiteElo "2053"]
[BlackElo "2171"]

1.e4 g6 2.d4 Bg7 3.Nc3 d6 4.f4 Nf6 5.Nf3 O-O 6.Bd3 Na6 7.O-O c5 8.d5 Bg4
9.Bc4 Nc7 10.h3 Bxf3 11.Qxf3 a6 12.a4 b6 13.Qd3 Kh8 14.Be3 Nd7 15.Bf2 Qc8
16.Rad1 Rb8 17.e5 dxe5 18.d6 exd6 19.Qxd6 Nf6 20.fxe5 Ng8 21.Bh4 Ne8 22.Qd3 b5
23.axb5 axb5 24.Nxb5 Bxe5 25.Bxf7 Nh6 26.Bc4 Rxf1+ 27.Rxf1 Bg7 28.c3 Nf5
29.Bg5 Qc6 30.g4 Nfd6 31.Nxd6 Nxd6 32.Bd5 Qb6 33.Rf2 Re8 34.Kg2 c4 35.Qd2 h5
36.Bf6 Kh7 37.gxh5 Nf5 38.hxg6+ Kh8 39.Bxg7+ Kxg7 40.Rxf5  1-0

[Event "27th Avoine Open"]
[Site "Avoine FRA"]
[Date "2012.07.26"]
[Round "6.24"]
[White "Louis Sidois,C"]
[Black "Frick,C"]
[Result "0-1"]
[WhiteElo "1969"]
[BlackElo "2258"]

1.e4 g6 2.d4 Bg7 3.Nc3 d6 4.f4 e6 5.Nf3 Ne7 6.Be3 Nd7 7.Qd2 b6 8.O-O-O Bb7
9.Bd3 h6 10.f5 exf5 11.exf5 Nxf5 12.Bxf5 gxf5 13.Rde1 Be4 14.Rhf1 c6 15.g4 d5
16.gxf5 Qe7 17.Nxe4 dxe4 18.Qg2 O-O-O 19.Nd2 Rde8 20.Bf4 Bxd4 21.Rxe4 Be5
22.f6 Qc5 23.Rc4 Rhg8 24.Qf3 Qb5 25.Bxe5 Nxe5 26.Qf5+ Re6 27.Rd4 Kc7 28.Qf4 Rg4
29.Qf2 Rxd4 30.Qxd4 Rd6 31.Qf4 Kb7 32.Re1 Re6 33.Rd1 h5 34.Ne4 Nc4 35.b3 Qe5
36.Qxe5 Nxe5 37.Rd6 Rxd6 38.Nxd6+ Kc7 39.Nf5 Ng4 40.h4 Kd7 41.Kd2 Nxf6 42.Ng3 Ke6
43.Ke2 Ke5  0-1

[Event "27th Avoine Open"]
[Site "Avoine FRA"]
[Date "2012.07.26"]
[Round "6.11"]
[White "Naudion,G"]
[Black "Haub,TM"]
[Result "0-1"]
[WhiteElo "2175"]
[BlackElo "2466"]

1.e4 g6 2.d4 Bg7 3.Nc3 d6 4.f4 a6 5.Nf3 e6 6.Bd3 Ne7 7.Be3 b5 8.Qd2 Nd7 9.f5 exf5
10.exf5 Nf6 11.fxg6 fxg6 12.O-O O-O 13.Rae1 Bf5 14.Bg5 Qd7 15.Ne4 Nxe4 16.Bxe4 Bxe4
17.Rxe4 Nf5 18.Rfe1 h6 19.Re7 Nxe7 20.Rxe7 Qf5 21.Bxh6 Rf7 22.Rxf7 Qxf7 23.Bxg7 Qxg7
24.Ng5 Re8 25.c3 Qe7 26.Nf3 Qe3+ 27.Qxe3 Rxe3 28.Kf2 Re7 29.Ng5 c6 30.h4 Kg7
31.g4 a5 32.b3 Re8 33.a3 a4 34.b4 Kf6 35.Kf1 Re7 36.Kf2 Kg7 37.d5 cxd5 38.h5 gxh5
39.gxh5 Kf6 40.Nf3 Rc7 41.Nd4 Rxc3 42.Nxb5 Rb3 43.Ke2 Ke5 44.Kd2 d4 45.Kc2 Rh3  0-1

[Event "27th Avoine Open"]
[Site "Avoine FRA"]
[Date "2012.07.26"]
[Round "6.36"]
[White "Haussernot,C"]
[Black "Froment,T"]
[Result "1-0"]
[WhiteElo "2099"]
[BlackElo "1901"]

1.e4 g6 2.d4 Bg7 3.Nc3 d6 4.f4 a6 5.Nf3 b5 6.Bd3 Nd7 7.Be3 Bb7 8.O-O c5 9.d5 c4
10.Be2 b4 11.Bd4 Ngf6 12.Nb1 Rc8 13.c3 O-O 14.Nbd2 bxc3 15.bxc3 Nc5 16.Rb1 Ba8
17.Qc2 e6 18.Bxc5 Rxc5 19.dxe6 fxe6 20.Bxc4 Qc8 21.Qd3 Bxe4 22.Nxe4 Rxc4
23.Nxd6 Qc5+ 24.Kh1 Rxc3 25.Qxa6 Ra3 26.Nb7 Qe3 27.Qc4 Nd5 28.Ng5 Nxf4 29.Nd6 Qd2
30.Rxf4 Qxf4 31.Qxe6+ Rf7 32.Ndxf7 Re3 33.Nh6+  1-0

[Event "XIV ch-Gdansk Int 2012"]
[Site "Gdansk POL"]
[Date "2012.07.26"]
[Round "6.41"]
[White "Wicikowska,Agata"]
[Black "Zelajtys,Jozef"]
[Result "1-0"]
[WhiteElo "1487"]
[BlackElo "1628"]

1.e4 g6 2.d4 Bg7 3.Nc3 d6 4.Bg5 h6 5.Be3 c6 6.Nf3 Nf6 7.h3 Nbd7 8.Qd2 g5
9.e5 Nh7 10.O-O-O d5 11.Bd3 Ndf8 12.Nh2 a5 13.h4 g4 14.Bxh6 Bxh6 15.Qxh6 Ne6
16.Bxh7 Nf8 17.Qf4 Rxh7 18.Nxg4 a4 19.a3 b5 20.Nb1 Qb6 21.c3 Be6 22.Ne3 O-O-O
23.h5 c5 24.Nf5 Qc7 25.g4 b4 26.dxc5 bxa3 27.Nxa3 Qxc5 28.Qxa4 Bxf5 29.gxf5 Nd7
30.Qd4 Qxd4 31.cxd4 Rdh8 32.Rd3 Rxh5 33.Rxh5 Rxh5 34.Rf3 Rh4 35.Nc2 Nb8 36.Kd2 Nc6
37.Kc3 Kd7 38.b4 Rh1 39.f6 e6 40.Re3 Rb1 41.Rg3 Rf1 42.Rg7 Nd8 43.Rg2 Kc6
44.Kb3 Kb5 45.Rg8 Nc6 46.Rf8 Rxf2 47.Rxf7 Rf3+ 48.Kb2 Rf2 49.Kc3 Kb6  1-0

[Event "23rd Czech Open A"]
[Site "Pardubice CZE"]
[Date "2012.07.26"]
[Round "7.68"]
[White "Sagit,R"]
[Black "Jocys,D"]
[Result "0-1"]
[WhiteElo "2367"]
[BlackElo "2205"]

1.e4 g6 2.d4 Bg7 3.Nc3 d6 4.Be3 Nf6 5.Qd2 c6 6.f3 b5 7.a4 b4 8.Nd1 a5 9.c3 bxc3
10.bxc3 Nbd7 11.Bd3 Ba6 12.Bxa6 Rxa6 13.Ne2 O-O 14.O-O e5 15.Nf2 d5 16.Qd3 Ra8
17.Rab1 Qc7 18.Rfe1 Rfe8 19.Ng3 Rab8 20.Qc2 c5 21.dxc5 Nxc5 22.Rb5 Rxb5 23.axb5 Rb8
24.Rb1 Ncd7 25.Qd3 Nc5 26.Qd1 dxe4 27.fxe4 Bf8 28.Qc2 Nfd7 29.c4 h5 30.Rc1 a4
31.Ra1 Nb6 32.Nf1 Ra8 33.Nd2 Nb3 34.Ra2 Nxd2 35.Bxb6 Qxb6 36.Qxd2 Rd8 37.Qe2 Bc5
38.g3 a3 39.Kg2 Qd6 40.Nh3 Qd1 41.Nf2 Qb1 42.Qc2 Qe1 43.b6 Bxf2 44.Qxf2 Qxe4+
45.Qf3 Qxc4 46.Qf2 Qb3 47.Re2 Rb8 48.Rxe5 Rxb6 49.Re8+ Kh7 50.Re7 Kg8 51.Re8+ Kg7
52.Qc5 Re6 53.Qf8+ Kf6 54.Rxe6+ Kxe6 55.Qe8+ Kf6 56.Qh8+ Ke7 57.Qe5+ Kd7
58.Qd4+ Kc6 59.Qa7 a2 60.Qa8+ Kc5 61.Qa7+ Kb4 62.Qe7+ Kc3 63.Qe5+ Kc2 64.Kf2 Qb2
65.Qe4+ Kb3+ 66.Ke3 Qc3+ 67.Kf4 Qc4  0-1

[Event "27th Avoine Open"]
[Site "Avoine FRA"]
[Date "2012.07.28"]
[Round "8.15"]
[White "Rioland,Paul"]
[Black "Frick,C"]
[Result "0-1"]
[WhiteElo "1749"]
[BlackElo "2258"]

1.e4 g6 2.d4 Bg7 3.Nc3 d6 4.Be3 a6 5.f4 b5 6.Bd3 Bb7 7.Nce2 Nf6 8.Ng3 h5
9.Qf3 e6 10.Nh3 Nbd7 11.Ng5 Qe7 12.O-O-O Ng4 13.h3 Nxe3 14.Qxe3 O-O-O 15.Rhf1 Kb8
16.Kb1 Bh6 17.c4 f6 18.Nf3 e5 19.Ne2 exf4 20.Nxf4 bxc4 21.Bc2 Qf7 22.g4 Rde8
23.Nd2 f5 24.gxf5 gxf5 25.Qc3 fxe4 26.Qxc4 d5 27.Qb4 Bxf4 28.Ba4 Bxd2 29.Qxb7+ Kxb7
30.Rxf7 e3 31.Kc2 e2 32.Kxd2 exd1=Q+ 33.Kxd1 Nb6 34.Bxe8 Rxe8 35.Rf5 h4 36.Kd2 Kc6
37.b3 Kd7 38.Kd3 Rg8  0-1

[Event "27th Avoine Open"]
[Site "Avoine FRA"]
[Date "2012.07.28"]
[Round "8.2"]
[White "Jolly,J"]
[Black "Haub,TM"]
[Result "1/2-1/2"]
[WhiteElo "2409"]
[BlackElo "2466"]

1.e4 g6 2.d4 Bg7 3.Nc3 d6 4.f4 a6 5.Nf3 e6 6.Bd3 Ne7 7.Be3 Nd7 8.e5 b5 9.a4 b4
10.Ne4 a5 11.Qe2 Bb7 12.O-O O-O 13.c3 Qb8 14.cxb4 axb4 15.a5 Bd5 16.Bf2 Nc6
17.a6 f5 18.Ned2 Bh6 19.Be3 Nb6 20.Rfc1 b3 21.Nxb3 Nb4 22.Nbd2 Ra7 23.Bb5 Qa8
24.Qf1 Be4 25.Qf2 N6d5 26.Ne1 Nxe3 27.Qxe3 Nd5 28.Qh3 Kg7 29.g3 Qb8 30.Qf1 dxe5
31.Nxe4 fxe4 32.dxe5 g5 33.f5 Rxf5 34.Qe2 Qb6+ 35.Kh1 Rf2 36.Qc4 g4 37.Rc2 Ne3
38.Qxe4 Nxc2 39.Bd3 Rf1+ 40.Bxf1 Nxa1 41.Bd3 Qe3 42.Qxh7+ Kf8 43.Qh8+ Ke7
44.Qf6+ Kd7 45.Qf7+ Kd8 46.Qf6+ Kd7 47.Qf7+ Kd8 48.Qf6+  1/2-1/2

[Event "27th Avoine Open"]
[Site "Avoine FRA"]
[Date "2012.07.28"]
[Round "8.50"]
[White "Messinger,K"]
[Black "Froment,T"]
[Result "1-0"]
[WhiteElo "2060"]
[BlackElo "1901"]

1.e4 g6 2.d4 Bg7 3.Nc3 d6 4.f4 a6 5.Nf3 b5 6.Bd3 Nd7 7.a4 b4 8.Ne2 c5 9.c3 Bb7
10.O-O Ngf6 11.Ng3 a5 12.e5 Nd5 13.Ng5 Nf8 14.Bb5+ Nd7 15.e6 fxe6 16.Nxe6 Qc8
17.Nxg7+ Kf7 18.Ne6 N7f6 19.f5 bxc3 20.Ng5+ Kg7 21.bxc3 Nxc3 22.Qb3 Ncd5
23.Ne6+ Kf7 24.dxc5 dxc5 25.Ng5+ Kg7 26.Bb2 Bc6 27.Rae1 Ra7 28.Ne6+ Kg8 29.fxg6 hxg6
30.Bxc6  1-0

[Event "Dutch Open 2012"]
[Site "Dieren NED"]
[Date "2012.07.28"]
[Round "5.13"]
[White "Vos,T"]
[Black "Van Mierlo,Guido"]
[Result "1/2-1/2"]
[WhiteElo "1958"]
[BlackElo "2089"]

1.e4 g6 2.d4 Bg7 3.Nc3 d6 4.Be3 a6 5.Qd2 Nd7 6.O-O-O b5 7.f3 Bb7 8.g4 c6
9.h4 h5 10.gxh5 Rxh5 11.Nce2 Qc7 12.Nf4 Rh8 13.Qg2 O-O-O 14.h5 e5 15.dxe5 dxe5
16.Nd3 Bh6 17.Bxh6 Rxh6 18.hxg6 Rxg6 19.Qf2 Kb8 20.Ne2 Rd6 21.Ng3 Ne7 22.Bh3 f6
23.Nf5 Nxf5 24.Bxf5 Qb6 25.Bxd7 Qxf2 26.Nxf2 R8xd7 27.Rh6 Rxd1+ 28.Nxd1 Rf7
29.Kd2 Kc7 30.Nf2 Bc8 31.Nd3 a5 32.a3 Kd6 33.b4 axb4 34.axb4 Be6 35.Kc3 Bc4
36.Rg6  1/2-1/2

[Event "23rd Czech Open A"]
[Site "Pardubice CZE"]
[Date "2012.07.28"]
[Round "9.5"]
[White "Rasik,V"]
[Black "Shanava,K"]
[Result "1-0"]
[WhiteElo "2491"]
[BlackElo "2578"]

1.e4 g6 2.d4 Bg7 3.Nc3 d6 4.f4 Nc6 5.Be3 Nf6 6.Nf3 e6 7.e5 Nd5 8.Nxd5 exd5
9.Bd3 f6 10.exd6 Qxd6 11.f5 Ne7 12.fxg6 hxg6 13.Qd2 Bf5 14.O-O-O O-O-O 15.Rde1 Be4
16.Bf4 Qc6 17.Kb1 g5 18.Bg3 Rde8 19.Qe2 Nf5 20.Bb5 Nxg3 21.hxg3 Bxc2+ 22.Qxc2 Qxb5
23.Rxh8 Rxh8 24.Re7 Rh1+ 25.Ne1 Qc6 26.Qg6 b6 27.Qxg7 Qc4 28.Qg6 Qxd4 29.Qc2 Qc5
30.Qf5+ Kb7 31.Qxf6 g4 32.Qe5 Rf1 33.Qe2 Rh1 34.Re6 a5 35.Qxg4 Qf2 36.Qe2 Qxg3
37.Kc2 Qf4 38.Qd3 Qf2+ 39.Re2 Qc5+ 40.Kb1 Qd6 41.a3 Ka7 42.Ka2 d4 43.Qc4 Rh5
44.Qe6 Qg3 45.Nf3 d3 46.Rd2 Rc5 47.Qb3 Rc1 48.Rxd3 Qxg2 49.Rc3 Rxc3 50.Qxc3 Qg8+
51.Qb3 Qg2 52.Qd5 Kb8 53.Kb3 Ka7 54.Kc3 Kb8 55.a4 Qh1 56.b3 Qc1+ 57.Kd3 Qh1
58.Kd4 Ka7 59.Ke5 Kb8 60.Nd4 Qh8+ 61.Kf5 Qh5+ 62.Ke6 Qe8+ 63.Kf6 Qf8+ 64.Kg6 Qe8+
65.Kg5 Qe3+ 66.Kf6 Qh6+ 67.Kf7 Qh7+ 68.Ke8 Qg6+ 69.Kd7 Qg7+ 70.Kc6 Qg6+ 71.Kb5 Qe8+
72.Qc6 Qh8 73.Qe4 Qf8 74.Nc6+ Kc8 75.Ka6 Kd7 76.Qd5+  1-0

[Event "Politiken Cup 2012"]
[Site "Helsingor DEN"]
[Date "2012.07.29"]
[Round "3.36"]
[White "Wurtz,J"]
[Black "Buchal,S"]
[Result "1-0"]
[WhiteElo "1999"]
[BlackElo "2320"]

1.d4 g6 2.e4 Bg7 3.Nc3 d6 4.Bc4 Nf6 5.Qe2 O-O 6.e5 dxe5 7.dxe5 Ng4 8.e6 f5
9.Bf4 Nc6 10.Nf3 Nd4 11.Nxd4 Qxd4 12.Bg5 c6 13.Bxe7 Re8 14.Rd1 Qb6 15.Rd8 Bxe6
16.Rxa8 Rxa8 17.Qxe6+ Kh8 18.O-O Qxb2 19.Ne2 Qxc2 20.Bb3 Qb2 21.h3 Ne5 22.Nf4 Qd4
23.Rd1 Qxf4 24.Bd8  1-0

[Event "Politiken Cup 2012"]
[Site "Helsingor DEN"]
[Date "2012.07.29"]
[Round "3.2"]
[White "Aabling Thomsen,J"]
[Black "Cheparinov,I"]
[Result "0-1"]
[WhiteElo "2331"]
[BlackElo "2677"]

1.e4 g6 2.d4 Bg7 3.Nc3 d6 4.Nf3 Nf6 5.Bg5 h6 6.Bf4 c6 7.Qd2 g5 8.Be3 Ng4
9.Bc4 e6 10.h3 Nxe3 11.Qxe3 b5 12.Bd3 Nd7 13.O-O Qe7 14.e5 dxe5 15.Nxe5 Nxe5
16.dxe5 Qc7 17.Rfe1 Bb7 18.a4 b4 19.Nb1 c5 20.Nd2 Rd8 21.Nc4 O-O 22.Rad1 Bd5
23.b3 Bxc4 24.Bxc4 Rxd1 25.Rxd1 Bxe5 26.h4 Bd4 27.Qe4 Kg7 28.Rd3 Re8 29.Qg4 Qe5
30.hxg5 hxg5 31.Kf1 Rh8 32.Rh3 Bc3 33.Be2 Rxh3 34.gxh3 Bd2 35.h4 f5 36.Qf3 gxh4
37.Qb7+ Kg6 38.Qa8 Qd5 39.Qe8+ Kf6  0-1

[Event "ch-AUT 2012"]
[Site "Zwettl AUT"]
[Date "2012.07.29"]
[Round "9.23"]
[White "Winiwarter,F"]
[Black "Meier,Al"]
[Result "1-0"]
[WhiteElo "2152"]
[BlackElo "2171"]

1.e4 g6 2.d4 Bg7 3.Nc3 d6 4.f4 Nf6 5.Nf3 O-O 6.e5 dxe5 7.dxe5 Qxd1+ 8.Kxd1 Rd8+
9.Ke1 Ne8 10.Be3 Bg4 11.Be2 Nc6 12.Kf2 Nb4 13.Rac1 e6 14.h3 Bxf3 15.Bxf3 c6
16.a3 Nd5 17.Nxd5 exd5 18.Rhd1 f6 19.exf6 Bxf6 20.Bd4 Bxd4+ 21.Rxd4 Nd6 22.Re1 Re8
23.Rdd1 Kf7 24.b3 Rxe1 25.Rxe1 Re8 26.Rxe8 Nxe8 27.Ke3 Ke7 28.g4 Kd6 29.g5 Ng7
30.Bg4 b6 31.h4 c5 32.Bh3 Ne6 33.f5 Nd4 34.fxg6 hxg6 35.Kf4 Nxc2 36.h5 gxh5
37.g6 Ke7 38.Kg5 Nd4 39.Kh6 Nc6 40.g7 Kf7 41.Be6+ Kxe6 42.g8=Q+ Kd6 43.Qg6+ Kc7
44.Qf7+ Kd6 45.Qf6+ Kd7 46.Kxh5 Ne7 47.Kg4 d4 48.Kf3 Nd5 49.Qf7+ Ne7 50.Ke4 Kd6
51.Qf6+ Kd7 52.b4 cxb4 53.axb4  1-0

[Event "CECLUB 1st Div GpA 2012"]
[Site "Don Benito ESP"]
[Date "2012.07.30"]
[Round "1"]
[White "Trepat Herranz,J"]
[Black "Garcia Castro,P"]
[Result "1/2-1/2"]
[WhiteElo "2299"]
[BlackElo "2393"]

1.e4 g6 2.d4 Bg7 3.Nc3 d6 4.f4 Nc6 5.Be3 Nf6 6.Nf3 e6 7.Bd3 a6 8.Qd2 O-O
9.e5 Nd5 10.Nxd5 exd5 11.O-O-O Ne7 12.h3 Bf5 13.Bxf5 Nxf5 14.Bf2 Qd7 15.g4 Ne7
16.Bh4 Nc6 17.f5 Rfe8 18.Bf6 dxe5 19.dxe5 Bxf6 20.exf6 Qd6 21.fxg6 hxg6 22.Rhf1 Rad8
23.h4 Re4 24.g5 Qf4 25.Qxf4 Rxf4 26.Rde1 Kf8 27.c3 Rd6 28.Kd2 d4 29.c4 Re6
30.b3 Rxe1 31.Kxe1 Nb4 32.a4 Nc6 33.Kf2 Na5 34.Rb1 Re4  1/2-1/2

[Event "CECLUB 1st Div GpA 2012"]
[Site "Don Benito ESP"]
[Date "2012.07.30"]
[Round "1"]
[White "Alonso Moyano,J"]
[Black "Gual Pascual,A"]
[Result "0-1"]
[WhiteElo "2417"]
[BlackElo "2459"]

1.e4 g6 2.d4 Bg7 3.Nc3 d6 4.Be3 a6 5.Qd2 b5 6.a4 b4 7.Nce2 Nd7 8.Qxb4 Rb8
9.Qa3 Ngf6 10.f3 O-O 11.Rd1 Qe8 12.h4 e5 13.d5 Nh5 14.g4 Nf4 15.Ng3 Nc5 16.a5 f5
17.b4 Nb7 18.g5 Nd8 19.c4 h6 20.gxh6 Bxh6 21.Bf2 fxe4 22.Nxe4 Bf5 23.Ne2 Bxe4
24.fxe4 Qf7 25.Bg3 Nh5 26.Rd3 c5 27.dxc6 Nxc6 28.Rxd6 Nxb4 29.Kd1 Qxf1+ 30.Rxf1 Rxf1+
31.Be1 Rxe1+ 32.Kxe1 Nc2+ 33.Kf2 Nxa3 34.Rxg6+ Kh7 35.Rxa6 Nxc4 36.Rc6 Be3+
37.Kf3 Rf8+ 38.Kg4 Nf6+ 39.Kf5 Ne8+ 40.Kg4 Nxa5 41.Re6 Bf4 42.Re7+ Kh6 43.Nc3 Rg8+
44.Kf5 Ng7+ 45.Kf6 Nc6  0-1

[Event "21st Kavala Open A"]
[Site "Kavala GRE"]
[Date "2012.07.30"]
[Round "7"]
[White "Pavlidis,Ant"]
[Black "Azaladze,S"]
[Result "1/2-1/2"]
[WhiteElo "2462"]
[BlackElo "2484"]

1.e4 g6 2.d4 Bg7 3.Nc3 d6 4.f4 Nc6 5.Be3 Nf6 6.Be2 e6 7.Nf3 a6 8.O-O Ne7
9.Nd2 b5 10.a4 b4 11.Na2 Bb7 12.Bd3 d5 13.e5 Ne4 14.Nxb4 Nf5 15.Qe2 O-O 16.c3 c5
17.Nc2 Nxe3 18.Qxe3 Nxd2 19.Qxd2 c4 20.Be2 Qd7 21.Ne3 Bc6 22.Bd1 Rab8 23.Ra2 Qe7
24.Qf2 Rb6 25.Nxc4 dxc4 26.d5 Qc7 27.dxc6 Rxc6 28.Bf3 Rb6 29.Rd1 Rfb8 30.Rd2 Bh6
31.g3 Rd8 32.Rxd8+ Qxd8 33.Qc5 Qb8 34.Qxc4 Rxb2 35.Rxb2 Qxb2 36.Qxa6 Qxc3
37.Kg2 Qc2+ 38.Kh3 Bf8 39.a5 Bc5 40.Qc8+ Kg7 41.a6 h5 42.Qc6 Qf5+ 43.Kg2 Qc2+
44.Kh3 Qf5+ 45.Kg2  1/2-1/2

[Event "CECLUB 1st Div GpA 2012"]
[Site "Don Benito ESP"]
[Date "2012.07.31"]
[Round "2"]
[White "Rodriguez Lopez,Ra"]
[Black "Gual Pascual,A"]
[Result "0-1"]
[WhiteElo "2244"]
[BlackElo "2459"]

1.e4 d6 2.d4 g6 3.Nc3 Bg7 4.f4 Nf6 5.Nf3 c5 6.Bb5+ Bd7 7.Bxd7+ Nfxd7 8.d5 b5
9.O-O b4 10.Ne2 Qb6 11.Kh1 Na6 12.a3 O-O 13.Ng3 Nc7 14.axb4 cxb4 15.Re1 Nc5
16.Rb1 a5 17.Be3 a4 18.Nd4 Rfe8 19.Qd2 b3 20.c4 Qa6 21.Qe2 e6 22.Qf1 exd5
23.cxd5 Qxf1+ 24.Rxf1 Nxe4 25.Bc1 Bf8  0-1

[Event "Politiken Cup 2012"]
[Site "Helsingor DEN"]
[Date "2012.07.31"]
[Round "5.107"]
[White "Solli,O"]
[Black "Satre,Mathias"]
[Result "1/2-1/2"]
[WhiteElo "1894"]
[BlackElo "1722"]

1.e4 d6 2.d4 g6 3.Nc3 Bg7 4.f4 Nf6 5.Nf3 O-O 6.Bd3 c5 7.dxc5 dxc5 8.e5 Nd5
9.Nxd5 Qxd5 10.Qe2 Nc6 11.c3 b6 12.Be4 Qd7 13.Be3 Bb7 14.Rd1 Qc7 15.O-O Rad8
16.Bf2 Rxd1 17.Rxd1 Rd8 18.Bd5 e6 19.Be4 Rxd1+ 20.Qxd1 Qd8 21.Qxd8+ Nxd8
22.Bxb7 Nxb7 23.Nd2 f6 24.exf6 Bxf6 25.Ne4 Bg7 26.b3 e5 27.Bg3 exf4 28.Bxf4 Nd8
29.Kf2 Kf7 30.c4 Ke6 31.Bc7 Nc6 32.Ke3 h6 33.Bg3 Be5 34.Bxe5 Kxe5 35.Nc3 Nb4
36.Kd2 Nc6 37.Ke3 Nd4 38.Kd3 Nc6 39.Nd5 Nd4 40.Ne7 g5  1/2-1/2

[Event "Politiken Cup 2012"]
[Site "Helsingor DEN"]
[Date "2012.07.31"]
[Round "5.32"]
[White "Fossan,P"]
[Black "Christensen,Ca"]
[Result "1/2-1/2"]
[WhiteElo "2255"]
[BlackElo "1985"]

1.e4 d6 2.d4 g6 3.Nc3 Bg7 4.f4 Nd7 5.Nf3 Ngf6 6.Be3 O-O 7.Qd2 e5 8.dxe5 dxe5
9.O-O-O Qe7 10.Bd3 Ng4 11.Nd5 Qd8 12.Bg1 exf4 13.h3 Nge5 14.Qxf4 c6 15.Nc3 Nxf3
16.Qxf3 Qa5 17.Bh2 b5 18.Bd6 b4 19.Bxf8 Kxf8 20.Ne2 Qxa2 21.Kd2 Qxb2 22.Rhf1 Ne5
23.Qe3 Kg8 24.Rb1 Qa3 25.Rb3 Qa5 26.Nd4 c5 27.Nf3 c4 28.Nxe5 cxb3 29.Nc6 Qa4
30.Qc5 Bc3+ 31.Ke3 Be6 32.Bc4 Bxc4 33.Qxc4 Rf8 34.cxb3 Qa2 35.Rf2 Qa3 36.Ne7+ Kg7
37.Nd5 Qc1+ 38.Kf3 Qd1+ 39.Ke3 Qe1+ 40.Kf3 Qd1+ 41.Ke3 Rc8 42.Qxc8 Bd4+ 43.Kf4 Bxf2
44.Qc4 Qd2+ 45.Kf3 Bd4 46.Qe2 Qg5 47.g4 Qc1 48.Qd3 Qh1+ 49.Ke2 Qg2+ 50.Kd1 Qg1+
51.Kc2 Qf2+ 52.Qd2 Qxd2+ 53.Kxd2 a5  1/2-1/2

[Event "45th Biel Masters Open"]
[Site "Biel SUI"]
[Date "2012.08.01"]
[Round "9"]
[White "Lang,To"]
[Black "Maze,S"]
[Result "1/2-1/2"]
[WhiteElo "2374"]
[BlackElo "2573"]

1.d4 g6 2.e4 Bg7 3.Nc3 d6 4.Be3 c6 5.a4 Nf6 6.h3 Nbd7 7.Nf3 O-O 8.Be2 e5
9.dxe5 dxe5 10.a5 Qe7 11.O-O Nc5 12.Nd2 Rd8 13.Qb1 Ne6 14.Rd1 Nd4 15.Bf1 Be6
16.b3 Nh5 17.Nc4 Rd7 18.Na4 Rad8 19.Re1 Bxc4 20.Bxc4 Nf4 21.Bf1 Qg5 22.Kh1 Qh5
23.Nc5 Re7 24.c3 Nb5 25.Qc2 a6 26.Rad1 Rde8 27.b4 g5 28.f3 Bf8 29.Kh2 Qg6
30.g3 Ne6 31.Qc1 Nxc5 32.Bxc5 Rc7 33.Bb6 Rcc8 34.Qe3 h6 35.h4 Be7 36.Bh3 Rb8
37.Bf5 Qf6 38.h5 Bd8 39.Bc5 Be7 40.Bb6 Bd8 41.Bc5 Be7 42.Bb6 Bd8  1/2-1/2

[Event "Politiken Cup 2012"]
[Site "Helsingor DEN"]
[Date "2012.08.01"]
[Round "6.50"]
[White "Hinrichs,Jan"]
[Black "Brondum,E"]
[Result "0-1"]
[WhiteElo "2008"]
[BlackElo "2141"]

1.e4 g6 2.d4 Bg7 3.Nc3 d6 4.Be3 a6 5.Qd2 b5 6.a3 Nd7 7.f4 Bb7 8.Nf3 Rc8 9.O-O-O c5
10.dxc5 Nxc5 11.e5 Nh6 12.Ng5 O-O 13.exd6 exd6 14.Bd4 f6 15.b4 fxg5 16.Bxg7 Kxg7
17.fxg5 Nf5 18.bxc5 dxc5 19.Qxd8 Rcxd8 20.Rxd8 Rxd8 21.Bd3 Bxg2 22.Re1 c4
23.Bxf5 gxf5 24.Ne2 Re8 25.Kd2 Bf3 26.Nf4 c3+  0-1

[Event "Politiken Cup 2012"]
[Site "Helsingor DEN"]
[Date "2012.08.01"]
[Round "6.68"]
[White "Nassetti,F"]
[Black "Buchal,S"]
[Result "0-1"]
[WhiteElo "1843"]
[BlackElo "2320"]

1.e4 g6 2.d4 Bg7 3.Nc3 d6 4.Bg5 Nd7 5.f4 c5 6.Nf3 cxd4 7.Nxd4 Qb6 8.Ndb5 Qa5
9.Qd2 a6 10.Nd4 Ngf6 11.Nb3 Qc7 12.O-O-O O-O 13.g4 b5 14.Bxf6 Nxf6 15.g5 b4
16.Nd5 Nxd5 17.Qxd5 Bb7 18.Qd3 a5 19.Nd4 Rfc8 20.Rd2 a4 21.Bh3 Rcb8 22.f5 a3
23.b3 Qc3 24.Qxc3 bxc3 25.Rdd1 Bxe4 26.Rhf1 Rb4 27.Ne2 Bxf5 28.Bxf5 gxf5
29.Rxf5 e6 30.Rf4 Rxf4 31.Nxf4 d5 32.Rd3 d4 33.Kd1 Ra5 34.b4 Rf5 35.Nh5 e5
36.Nxg7 Kxg7 37.Ke2 Rf4 38.Rh3 f6 39.gxf6+ Kxf6 40.Rf3 Rxf3  0-1